000 00931cab a2200229 4500
001 ABS67569
008 040218n2004 000 0 eng u
035 _a(Sirsi) u125187
100 _aRabianski, J.
245 _aDisounted cash flow analysis: line item interaction effects
260 _c2004
490 _aReal Estate Review
_v32(4) Winter 2004, 34-37 (4)
520 _aPresents several observations about the inputs into discounted cash flow (DCF) under the following headings: the interaction between variable operating expense and occupancy; reserves for replacement-differentiation of fixed versus variable aspects; probability of lease renewal and rent negotiation. Charts and tables.
590 _aABS
650 _aDCF ANALYSIS
650 _aDCF MODELS
650 _aDCF TECHNIQUES
650 _aDCF METHOD
650 _aOCCUPANCY RATES
690 _aPROPERTY-PROPERTY APPRAISAL AND VALUATION
942 _n0
999 _c74156
_d74156